00648nam a2200181 a 45000010005000000030009000050080041000140400028000550820018000832450060001012600031001613000015001924900043002076500034002509420012002849990017002969520153003132997CO-ViMGA141112s2004 ck r 000 u spa d aCO-ViMGAbspacCO-ViMGA04a694.2028 P71210aPrácticas de la madera : bprimer grado, primer curso aBarcelona : bCeac, c1976 a141 p : il aLibros Ceac de formación profesional14aCARPINTERIA - TECNICAS952270 2ddccBK c15059d15059 00102ddc40708002aMEVIECARbMEVIECARd2015-12-04hVolumen. 1 | 11/jun/2009l0o694.2028 P712 p03416r2015-12-04 00:00:00tEj. 1w2015-12-04yBK